000 00933nam a22002055i 4500
001 162159
003 ES-MaACL
005 20250930063143.0
008 000121s1872 sp |||| | spa d
040 _aCAM
_bspa
_cCAM
100 1 _aPina Domínguez, Mariano,
_d1840-1895
_9139971
245 1 0 _aPirlimpimpin 1º
_b: zarzuela bufo-fantástica en dos actos /
_cletra de Mariano Pina Dominguez ; música de Cecilio Re Mi Fa.
260 _aMadrid :
_b[s.n.],
_c1872 (
_fImprenta de José Rodriguez)
300 _a46 p. ;
_c19 cm.
500 _aEn port.: Estrenada en Madrid en el Teatro de los Bufos el 5 de octubre de 1872.
500 _aSolo la letra.
600 1 4 _aCecilio Re Mi Fa (músico)
_9156115
852 _aES-MaACL
_jF-8583(7)
_z-- Enc. pasta española
_q-- Falto de la cub. original
_z-- Enc. en un vol. facticio formando parte de la col. facticia "Teatro español moderno", vol. 36
999 _c162159
_d162159